| 000 | 01616cam a2200265 4500 | ||
|---|---|---|---|
| 001 | WB3939-15 | ||
| 008 | 031014n2003 000 0 eng u | ||
| 035 | _a(Sirsi) u123920 | ||
| 245 | _aWales launches spatial plan | ||
| 260 | _c2003 | ||
| 490 |
_aPlanning (for the Natural and Built Environment) _v(1540) 10 October 2003, 8(1) |
||
| 490 |
_aNational Assembly for Wales Press Release _v 30 September 2003, (2) |
||
| 520 | _aThe Welsh Assembly has published the UK's first spatial plan. The "Wales Spatial Plan" sets out the needs of rural and urban areas and proposes an enhanced role for the capital city, Cardiff. The report uses the word 'spatial' rather than 'land use' or 'development' to imply that a wider remit has been applied to the plan to include any form of activity with spatial implications. The "Wales Spatial Plan" is available on the Welsh Assembly website, http://www.wales.gov.uk/themesspatialplan/index.htm. The consultation closes on Friday 30 January, 2004. Written comments should be sent to the Wales Spatial Plan Unit, Room 1093, Cathays Park, Cardiff CF10 3NQ, or emailed to [email protected]. http://www.wales.gov.uk/servlet/PressReleaseByDateServlet?area_code=37E752F2000942E000000A2E00000000&document_code=N0000000000000000000000000012748 | ||
| 590 | _aWB | ||
| 650 | _aWALES | ||
| 650 | _aSPATIAL PLANNING | ||
| 650 | _aPLANNING POLICY | ||
| 650 |
_aLand use _96251 |
||
| 650 | _aDEVELOPMENT | ||
| 650 | _aRURAL ISSUES | ||
| 650 | _aURBAN DEVELOPMENT | ||
| 650 | _aCARDIFF | ||
| 690 | _aENVIRONMENTAL AND LAND CONSULTANCY-PLANNING AND DEVELOPMENT | ||
| 942 | _n0 | ||
| 999 |
_c73590 _d73590 |
||